Intelectuales y hombres de acción : (problemas españoles) /

Bibliographic Details
Main Author: Albornoz, Alvaro de, 1879-
Format: Government Document Book
Language:Spanish
Published: Madrid : Sociedad General Española de Librería, [1927]
Subjects:

MARC

Tag First Indicator Second Indicator Subfields
LEADER 00000cam a2200000 4500
001 in00001140887
005 20151001050919.0
008 900813s1927 sp 000 0 spa
010 |a  31032592  
035 |a (OCoLC)22212155 
035 |9 AGB8955AM 
040 |a DLC  |c VWM  |d OCL  |d UtOrBLW 
043 |a e-sp--- 
049 |a TXAM 
050 0 0 |a DP84  |b .A62 
086 0 |a 946.004 
090 |a DP84  |b .A62 1927 
100 1 |a Albornoz, Alvaro de,  |d 1879- 
245 1 0 |a Intelectuales y hombres de acción :  |b (problemas españoles) /  |c  Alvaro de Albornoz. 
264 1 |a Madrid :  |b Sociedad General Española de Librería,  |c [1927] 
264 4 |c ©1927 
300 |a 318 pages ;  |c 19 cm. 
336 |a text  |b txt  |2 rdacontent 
337 |a unmediated  |b n  |2 rdamedia 
338 |a volume  |b nc  |2 rdacarrier 
500 |a Cover title. 
651 0 |a Spain  |x Politics and government. 
650 0 |a Political science. 
999 |a MARS 
999 f f |s e3860215-8854-3b9e-9068-c2f334e84bcb  |i 9401b96c-07ab-3a26-9e3d-4e0074e7dbfe  |t 0 
952 f f |p ric  |a Texas A&M University  |b Rellis Campus  |c Joint Library Facility  |d Remote Storage  |t 0  |e DP84 .A62 1927  |h Library of Congress classification  |i unmediated -- volume  |m A14817652718 
998 f f |a DP84 .A62 1927  |t 0  |l Remote Storage